Open Data Biblioteca Nacional de Portugal


República Portuguesa: Ministério da Cultura
Biblioteca Nacional de Portugal

Catálogo da BNP: acesso por Identificadores Unívocos
Registos Bibliográficos associados ao registo de autoridade

Etiqueta de registo: 00000nam 2200025 450
001 2016749
003 http://id.bnportugal.gov.pt/bib/catbnp/2016749
100 ## $a20190312d2018 k y0pory01030103ba
101 0# $apor$deng
102 ## $aPT
105 ## $aa m 000yy
106 ## $ar
200 1# $a O papel dos jornalistas na regulação da informação$ecaracterização socioprofissional, accountability e modelos de regulação em Portugal e na Europa$fJoão Manuel Santos de Miranda$gorient. José Carlos Costa dos Santos Camponez
210 #9 $aCoimbra$c[s.n.],$d2018
215 ## $aXXIII, [1], 669 p.$cil.$d30 cm
328 #1 $aTese dout. Ciências da Comunicação, Faculdade de Letras da Universidade de Coimbra, 2018
675 ## $a316.77(4)"20"(043)$vBN$zpor$31750299
675 ## $a070(4)"20"(043)$vBN$zpor$31750300
675 ## $a346.7(4)"20"(043)$vBN$zpor$31750301
675 ## $a179.1(4)"20"(043)$vBN$zpor$31750302
700 #1 $aMiranda,$bJoão Manuel Santos de$31745045
702 #1 $aCamponez,$bCarlos,$f1964-$4727$31052630
801 #0 $aPT$bBN$gRPC
966 ## $lBN$mFGMON$sS.C. 150393 V.$x1

Etiqueta de registo: 00254nam 2200025 450
001 2289176
003 http://id.bnportugal.gov.pt/bib/catbnp/2289176
100 ## $a20260630d2025 k y0pory01030103ba
101 0# $apor$deng
102 ## $aPT
105 ## $aa m 000yy
106 ## $ar
200 1# $aProjetos editoriais de mídia online feminina e feminista$e um estudo sobre trabalho e valor a partir da crítica feminista da economia política da comunicação$fRafaela Martins Souza$gorient. João Manuel Santos de Miranda, Cesar Ricardo Bolaño
210 #9 $aCoimbra$c[s.n.],$d2025
215 ## $a478 p.$cil.$d30 cm
328 #1 $aTese doutoramento Ciências da Comunicação, Universidade de Coimbra, Faculdade de Letras, Departamento de Filosofia, Comunicação e Informação, 2025
700 #1 $aSouza,$bRafaela Martins$32002048
702 #1 $aMiranda,$bJoão Manuel Santos de$4727$31745045
702 #1 $aBolaño,$bCesar Ricardo$4727$32002054
801 #0 $aPT$bBN$gRPC
966 ## $lBN$mFGMON$x1
971 ## $cjbeatriz$d20260630

OpendataBNP@bnportugal.pt | Mais informação sobre acesso aos dados BNP